000 00601nam a2200205Ia 4500
005 20250923145926.0
008 008 250917s9999 xx 000 0 eng d
037 _aTextual
040 _aDSWL
_beng
_cDSWL
041 _aeng
_2eng
084 _aXNIwM75, N94
_qDSWL
245 0 _aMoved by love: The memories of Vinoba Bhave
_c by M. Sykes
260 _aHyderabad
_b Sat Sahitya, Sahya gri sangh Gadineshan
_c1994
300 _a303p.
365 _aINR
_b30.00
700 _a Hind Kalindi
_9840377
925 _g30.00
942 _cTEXL
_hXNIwM75, N94
999 _c1457429
_d1457429